000 02090nam a2200409 c 4500
003 BLK
005 20180420232418.0
008 180409b bul|||||r ||||||| ||bul||
010 _aKNG00137448000
020 _a978-954-322-475-3
_bиздат.: Акад. изд. Проф. Марин Дринов
040 _aBLK
041 _aBUL
_cBUL
072 7 _2bullib
_aН50
_xЕстествени науки. Математика и др. Н
080 _aПриродна среда и опасност от нарушаване на равновесието в нея(в цялост)-Фактори, влияещи на равновесието;опасност за природната среда от страна на селското стопанство и промишлеността (освен замърсяв
_b502.5
_x
_z502.5
080 _aСеизмология
_b550.34
_x(497.2)
_z550.34(497.2)
100 1 _aРангелов, Бойко Кирилов
_eпърви автор
_9322804
139 _aРангелов, Бойко Кирилов
_bР 35
245 1 0 _aРазгневената Земя
_bПриродните бедствия
_cБойко Кирилов Рангелов.
246 1 1 _aThe angry earth
257 _aBGR
260 София
_bАкад. изд. Проф. Марин Дринов
_c2012
300 _a296 с.
_bс цв. ил.
_c24 см
380 _a5
500 _aИзд. на БАН. Институт за космически изследвания и технологии. - Библиогр. след отд. гл. - Рез. на англ. ез.
650 4 _aПриродни бедствия
_9260341
650 4 _aСеизмичност - България
_9170484
650 4 _aОколна среда - Антарктида
_9322805
653 _aприродни бедствия
653 _aземетръсни райони
653 _aцунами
659 _aН
852 _aЦб 257526
856 4 _qpdf
_u
856 4 _qpdf
_u
942 _cKNG
_n0
944 _aCR
_c17.12.2012
_lф /
_kПенка_Димитрова
944 _aED
_c16.10.2013
_lф /
_k
999 _c131622
_d131622